Statystyki dla Z kim stał na podium Adam Małysz?

Kliknij tutaj aby rozwiązać quiz!

Ogólne statystyki

  • Ten quiz został rozwiązany 24 razy
  • Średni wynik to 19 z 52

Statystyki odpowiedzi

KrajSkoczek% Poprawnych
PolskaKamil Stoch
95%
JaponiaNoriaki Kasai
95%
FinlandiaJanne Ahonen
90%
NiemcyMartin Schmitt
75%
SzwajcariaSimon Ammann
75%
CzechyJakub Janda
70%
AustriaThomas Morgenstern
70%
SłoweniaPrimoz Peterka
60%
NiemcySven Hannawald
60%
SłoweniaRobert Kranjec
55%
JaponiaKazuyoshi Funaki
50%
NorwegiaAnders Bardal
45%
AustriaGregor Schlierenzauer
45%
FinlandiaJussi Hautamaki
45%
AustriaMartin Koch
45%
FinlandiaMatti Hautamaki
45%
NorwegiaAnders Jacobsen
40%
AustriaAndreas Widholzl
40%
NorwegiaBjorn Einar Romoren
40%
FinlandiaHarri Olli
40%
JaponiaMasahiko Harada
40%
JaponiaTakanobu Okabe
40%
AustriaWolfgang Loitzl
40%
AustriaAndreas Kofler
35%
SzwajcariaAndreas Kuttel
35%
RosjaDmitrij Wasiljew
35%
NorwegiaJohan Remen Evensen
35%
NiemcyMichael Uhrmann
35%
FinlandiaRisto Jussilainen
35%
NiemcySeverin Freund
35%
AustriaAndreas Goldberger
30%
NorwegiaRoar Ljokelsoy
25%
NorwegiaSigurd Pettersen
25%
NiemcyDieter Thoma
20%
AustriaFlorian Liegl
20%
SłoweniaJernej Damjan
20%
NorwegiaTom Hilde
20%
NiemcyGeorg Spath
15%
AustriaMartin Hollwarth
15%
RosjaPawieł Karielin
15%
AustriaStefan Horngacher
15%
NiemcyStephan Hocke
15%
FinlandiaTami Kiuru
15%
SłoweniaIgor Medved
10%
NiemcyJens Weissflog
10%
FinlandiaMika Laitinen
10%
FinlandiaVeli-Matti Lindstrom
10%
FinlandiaVille Kantee
10%
FinlandiaJani Soininen
5%
JaponiaKazuya Yoshioka
5%
FinlandiaKimmo Savolainen
5%
NorwegiaSturle Holseter
5%

Rozkład punktacji

Percentyl według liczby udzielonych odpowiedzi

Procent ludzi z każdym wynikiem

Twoja historia wyników

Nie rozwiązałeś tego quizu